|
|
|
|
| LEADER |
01257cam a2200313Ia 4500 |
| 001 |
9780203323472 |
| 003 |
FlBoTFG |
| 005 |
20091230162920.0 |
| 006 |
a|||||s||||||||||| |
| 007 |
cr|||| |
| 008 |
040202s2004 enkab sb 001 0 eng d |
| 020 |
|
|
|a 9780203323472 (e-book : PDF)
|
| 040 |
|
|
|a FlBoTFG
|c FlBoTFG
|d GrThAP
|
| 043 |
|
|
|a e-gr---
|
| 090 |
|
|
|a DF89
|b .T78 2004
|
| 092 |
|
|
|a 355.3540938
|b T871
|
| 100 |
1 |
|
|a Trundle, Matthew,
|d 1965-
|
| 245 |
1 |
0 |
|a Greek mercenaries
|h [electronic resource] :
|b from the late archaic period to Alexander /
|c Matthew Trundle.
|
| 260 |
|
|
|a London ;
|a New York :
|b Routledge,
|c 2004.
|
| 300 |
|
|
|a xxi, 196 p. :
|b ill., maps.
|
| 504 |
|
|
|a Includes bibliographical references (p. 173-187) and index.
|
| 505 |
0 |
|
|a Images and sources -- What motivated mercenary service -- Paying Greek mercenaries -- Hiring Greek mercenaries -- Networks and relationships.
|
| 530 |
|
|
|a Also available in print edition.
|b CRC Press (http://www.crcpress.com)
|
| 538 |
|
|
|a Mode of access: World Wide Web.
|
| 650 |
|
0 |
|a Greek mercenaries.
|
| 651 |
|
0 |
|a Greece
|x History, Military
|y To 146 B.C.
|
| 655 |
|
7 |
|a Electronic books.
|2 lcsh
|
| 776 |
1 |
|
|z 9780415338127
|
| 856 |
4 |
0 |
|u http://www.tandfebooks.com/isbn/9780203323472
|z Full Text via HEAL-Link
|